| 000 | 00569nam a22002057a 4500 | ||
|---|---|---|---|
| 003 | OSt | ||
| 005 | 20140310182344.0 | ||
| 008 | 130927t xxu||||| |||| 00| 0 eng d | ||
| 020 | _a0-590-39771-0 | ||
| 050 |
_aAG 195 _b.C777 1997 |
||
| 082 |
_aGS 032.02 _bOn2 1996 |
||
| 100 | _aCooper, John | ||
| 245 |
_a1000 questions and answers / _cJohn Cooper. |
||
| 260 |
_aNew York : _bScholastic, _cc1997. |
||
| 300 |
_a192 p. _bcol. ill. ; _c28 cm. |
||
| 650 | _aQuestions and answers. | ||
| 650 | _aCuriosities and wonders. | ||
| 942 |
_2lcc _cBK |
||
| 999 |
_c12203 _d12203 |
||